00321nam a2200121Ia 4500008004100000041000800041082001500049100001600064245004500080260003200125300003100157365001100188240624s9999 xx 000 0 und d aeng a153.94 BAR aBARRETT JIM aTEST YOURSELF TEST YOUR APTITUDE PERSONA c2005aNew DelhibKogan Page avii, : 254 : p. : cm. ; 21 cRSb31